| 000 | 01415nam a2200361Ia 4500 | ||
|---|---|---|---|
| 001 | ebr10183404 | ||
| 003 | CaPaEBR | ||
| 006 | m u | ||
| 007 | cr cn||||||||| | ||
| 008 | 040609s2004 nyuab sb 001 0 eng d | ||
| 010 | _z 2004052786 | ||
| 015 |
_aGBA476727 _2bnb |
||
| 020 | _z023113004X (cased) | ||
| 020 | _z0231130058 (pbk.) | ||
| 040 |
_aCaPaEBR _cCaPaEBR |
||
| 035 | _a(OCoLC)243594820 | ||
| 050 | 1 | 4 |
_aGN346.4 _b.A68 2004eb |
| 082 | 0 | 4 |
_a305.800723 _222 |
| 245 | 0 | 0 |
_aAnthropologists in the field _h[electronic resource] : _bcases in participant observation / _cedited by Lynne Hume and Jane Mulcock. |
| 260 |
_aNew York N.Y. ; _aChichester : _bColumbia University Press, _c2004. |
||
| 300 |
_axxvii, 265 p. : _bill., map. |
||
| 504 | _aIncludes bibliographical references (p. [235]-257) and index. | ||
| 533 |
_aElectronic reproduction. _bPalo Alto, Calif. : _cebrary, _d2009. _nAvailable via World Wide Web. _nAccess may be limited to ebrary affiliated libraries. |
||
| 650 | 0 | _aParticipant observation. | |
| 650 | 0 |
_aEthnology _xFieldwork. |
|
| 650 | 0 |
_aEthnology _xMethodology. |
|
| 650 | 0 | _aAnthropological ethics. | |
| 655 | 7 |
_aElectronic books. _2local |
|
| 700 | 1 | _aHume, Lynne. | |
| 700 | 1 | _aMulcock, Jane. | |
| 710 | 2 | _aebrary, Inc. | |
| 856 | 4 | 0 |
_uhttp://site.ebrary.com/lib/rucke/Doc?id=10183404 _zAn electronic book accessible through the World Wide Web; click to view |
| 999 |
_c146046 _d146046 |
||